[Event "Lazarevskoe op"]
[Site "Lazarevskoe"]
[Date "2014.06.20"]
[Round "?"]
[White "Nevolin, Viktor"]
[Black "Petrenko, Anastasia"]
[Result "1-0"]
[WhiteElo "1715"]
[BlackElo "1710"]
[PlyCount "91"]
[EventDate "2014.06.14"]
[EventType "swiss"]
[EventRounds "9"]
[EventCountry "RUS"]
[SourceTitle "EXT 2015"]
[Source "ChessBase"]
[SourceDate "2014.11.20"]
[SourceVersion "1"]
[SourceVersionDate "2014.11.20"]
[SourceQuality "1"]

1. e4 c6 2. Nf3 d5 3. Nc3 dxe4 4. Nxe4 Bf5 5. Ng3 Bg6 6. d4 e6 7. Be3 Bd6 8. Bd3 Bxd3 9. Qxd3 Nf6 10. Bg5 Nbd7 11. 0-0 0-0 12. Rfe1 h6 13. Bd2 c5 14. c3 Rc8 15. Rad1 cxd4 16. Nxd4 Qb6 17. Bc1 Bc5 18. Re2 Rcd8 19. Qc2 a6 20. Nb3 Be7 21. Be3 Nc5 22. Red2 Rxd2 23. Rxd2 Ng4 24. Bd4 e5 25. Bxc5 Bxc5 26. Nxc5 Qxc5 27. Ne4 Qc7 28. h3 Nf6 29. Nxf6+ gxf6 30. Qd1 Kh8 31. Rd6 Qe7 32. Rd7 Qe6 33. b3 Rg8 34. Kh2 Qc6 35. f3 Rg7 36. c4 Qc5 37. Qd2 Kh7 38. Rxb7 f5 39. Rd7 e4 40. Rd5 Qc8 41. fxe4 fxe4 42. Qf4 Qe6 43. Rd6 Qe7 44. Rxh6+ Kg8 45. Qb8+ Qf8 46. Rh8+ 1-0

[Event "Lazarevskoe op"]
[Site "Lazarevskoe"]
[Date "2014.06.17"]
[Round "?"]
[White "Ivanov, Alexander V"]
[Black "Nevolin, Viktor"]
[Result "1-0"]
[WhiteElo "2065"]
[BlackElo "1715"]
[PlyCount "91"]
[EventDate "2014.06.14"]
[EventType "swiss"]
[EventRounds "9"]
[EventCountry "RUS"]
[SourceTitle "EXT 2015"]
[Source "ChessBase"]
[SourceDate "2014.11.20"]
[SourceVersion "1"]
[SourceVersionDate "2014.11.20"]
[SourceQuality "1"]

1. d4 d5 2. c4 e6 3. Nc3 Nf6 4. Nf3 Bb4 5. Qa4+ Nc6 6. Ne5 Bxc3+ 7. bxc3 Bd7 8. Nxd7 Qxd7 9. Ba3 Ne5 10. Qxd7+ Nexd7 11. e3 Ne4 12. cxd5 exd5 13. c4 dxc4 14. Bxc4 Nd6 15. Bd5 Nb6 16. Bf3 Nbc4 17. Bc5 c6 18. Rb1 Kd7 19. Ke2 b6 20. Bb4 Rac8 21. Rhc1 Rhe8 22. Rc3 f5 23. Rbc1 b5 24. Bc5 a5 25. Bxd6 Kxd6 26. Kd3 Nb2+ 27. Kd2 Nc4+ 28. Kd1 Nb2+ 29. Ke1 Nc4 30. Be2 Nb6 31. Bd3 g6 32. h3 b4 33. Rc5 a4 34. Kd2 Nd5 35. Bc4 Nc3 36. f3 a3 37. g4 fxg4 38. hxg4 Rf8 39. Rf1 Ne4+ 40. fxe4 Rxf1 41. Bxf1 Rb8 42. Bc4 Rf8 43. Ke2 h6 44. Ra5 Rh8 45. Ra7 h5 46. e5# 1-0

[Event "Lazarevskoe op"]
[Site "Lazarevskoe"]
[Date "2014.06.14"]
[Round "?"]
[White "Nevolin, Viktor"]
[Black "Danielyan, Levon"]
[Result "0-1"]
[WhiteElo "1715"]
[BlackElo "2106"]
[PlyCount "80"]
[EventDate "2014.06.14"]
[EventType "swiss"]
[EventRounds "9"]
[EventCountry "RUS"]
[SourceTitle "EXT 2015"]
[Source "ChessBase"]
[SourceDate "2014.11.20"]
[SourceVersion "1"]
[SourceVersionDate "2014.11.20"]
[SourceQuality "1"]

1. e4 c5 2. Nf3 d6 3. d4 cxd4 4. Nxd4 Nf6 5. Nc3 Nbd7 6. Bg5 a6 7. Nb3 h6 8. Bxf6 Nxf6 9. Be2 e6 10. 0-0 b5 11. a3 Bb7 12. f3 Be7 13. Qd2 0-0 14. Rad1 Rc8 15. Kh1 Qc7 16. Rfe1 d5 17. exd5 Nxd5 18. Nxd5 Bxd5 19. Na1 Rfd8 20. Bd3 Bd6 21. h3 Qe7 22. Qf2 Qg5 23. g4 h5 24. Be4 Bxe4 25. Rxe4 Bc5 26. Rxd8+ Rxd8 27. Qe1 hxg4 28. hxg4 Qf6 29. f4 Qxb2 30. f5 exf5 31. gxf5 Qf6 32. Nb3 Qxf5 33. Nxc5 Qxc5 34. Re8+ Rxe8 35. Qxe8+ Kh7 36. Qxf7 Qc6+ 37. Kg1 Qg6+ 38. Qxg6+ Kxg6 39. Kf2 Kf5 40. Kf3 g5 0-1

[Event "Doroshkevich Memorial op"]
[Site "Sochi"]
[Date "2012.12.04"]
[Round "9"]
[White "Nevolin, Viktor"]
[Black "Airapetian, Valentin"]
[Result "1/2-1/2"]
[WhiteElo "1718"]
[BlackElo "1807"]
[PlyCount "113"]
[EventDate "2012.11.26"]
[EventType "swiss"]
[EventRounds "9"]
[EventCountry "RUS"]
[SourceTitle "EXT 2014"]
[Source "ChessBase"]
[SourceDate "2013.11.20"]
[SourceVersion "1"]
[SourceVersionDate "2013.11.20"]
[SourceQuality "1"]

1. e4 a6 2. d4 b5 3. Bd3 Bb7 4. Nf3 d6 5. a4 c6 6. Qe2 e6 7. Nbd2 Be7 8. 0-0 Nf6 9. c4 bxc4 10. Nxc4 Nbd7 11. Bd2 0-0 12. Na5 Qb6 13. b4 e5 14. dxe5 Nxe5 15. Nxe5 dxe5 16. Be3 Qc7 17. Rab1 Rfc8 18. Rfc1 Qd7 19. Nc4 Rd8 20. Bc2 Qe8 21. Bb6 Rd4 22. Bxd4 exd4 23. e5 Nd5 24. Qd3 g6 25. Qxd4 Rd8 26. Qg4 Bc8 27. Qf3 Be6 28. Nd6 Bxd6 29. exd6 Rxd6 30. Bd3 Qa8 31. h4 h5 32. Qg3 Qd8 33. Bxa6 Nf6 34. b5 cxb5 35. Bxb5 Bf5 36. Ra1 Ne4 37. Qe5 Qxh4 38. g3 Qh3 39. Qe8+ Kg7 40. Qe5+ Kh7 41. Rc7 Rd2 42. Rxf7+ Kh6 43. Bf1 Qg4 44. Rc1 Qf3 45. Rxf5 Qxf5 46. Qxf5 gxf5 47. Rc6+ Kg7 48. a5 Rxf2 49. a6 Ra2 50. Rc7+ Kf6 51. a7 Nxg3 52. Bg2 Ne4 53. Kh2 Kg5 54. Rg7+ Kf4 55. Rh7 Kg5 56. Rg7+ Kf4 57. Rh7 1/2-1/2

[Event "Doroshkevich Memorial op"]
[Site "Sochi"]
[Date "2012.12.01"]
[Round "6"]
[White "Korolkov, Yury"]
[Black "Nevolin, Viktor"]
[Result "1-0"]
[WhiteElo "1799"]
[BlackElo "1718"]
[PlyCount "67"]
[EventDate "2012.11.26"]
[EventType "swiss"]
[EventRounds "9"]
[EventCountry "RUS"]
[SourceTitle "EXT 2014"]
[Source "ChessBase"]
[SourceDate "2013.11.20"]
[SourceVersion "1"]
[SourceVersionDate "2013.11.20"]
[SourceQuality "1"]

1. e4 c5 2. Nf3 d6 3. d4 cxd4 4. Nxd4 Nf6 5. Nc3 a6 6. Be3 e5 7. Nb3 Be7 8. Be2 Be6 9. 0-0 0-0 10. f4 Qc7 11. f5 Bc4 12. g4 Bxe2 13. Qxe2 Qc6 14. Qf3 h6 15. h4 Nh7 16. Bf2 f6 17. Nd5 Rf7 18. Nb6 Ra7 19. c4 a5 20. Rac1 Ra6 21. c5 dxc5 22. Nxc5 Bxc5 23. Rxc5 Qd6 24. Rd1 Qe7 25. Rc8+ Rf8 26. Bc5 Qf7 27. Rdd8 Nc6 28. Rxf8+ Nxf8 29. Rxf8+ Qxf8 30. Bxf8 Kxf8 31. Nd5 Nb4 32. Qa3 Kf7 33. Nxb4 axb4 34. Qxb4 1-0

[Event "Doroshkevich Memorial op"]
[Site "Sochi"]
[Date "2012.11.27"]
[Round "2"]
[White "Nevolin, Viktor"]
[Black "Bogachkov, Vladislav"]
[Result "0-1"]
[WhiteElo "1718"]
[BlackElo "2082"]
[PlyCount "28"]
[EventDate "2012.11.26"]
[EventType "swiss"]
[EventRounds "9"]
[EventCountry "RUS"]
[SourceTitle "EXT 2014"]
[Source "ChessBase"]
[SourceDate "2013.11.20"]
[SourceVersion "1"]
[SourceVersionDate "2013.11.20"]
[SourceQuality "1"]

1. e4 d6 2. d4 Nf6 3. Nc3 g6 4. Be3 Bg7 5. Be2 0-0 6. Nf3 Nbd7 7. Qd2 c5 8. 0-0-0 Qa5 9. Kb1 a6 10. dxc5 Nxc5 11. e5 dxe5 12. h4 Be6 13. Nxe5 Nfe4 14. Nxe4 Qxa2+ 0-1

[Event "Krasnodar Region-ch"]
[Site "Krasnodar"]
[Date "2012.10.05"]
[Round "4"]
[White "Nevolin, Viktor"]
[Black "Chip, Vitaly"]
[Result "0-1"]
[WhiteElo "1714"]
[BlackElo "2228"]
[PlyCount "94"]
[EventDate "2012.10.02"]
[EventType "swiss"]
[EventRounds "9"]
[EventCountry "RUS"]
[SourceTitle "EXT 2013"]
[Source "ChessBase"]
[SourceDate "2012.11.22"]
[SourceVersion "1"]
[SourceVersionDate "2012.11.22"]
[SourceQuality "1"]

1. e4 c5 2. Nf3 d6 3. d4 cxd4 4. Nxd4 Nf6 5. Nc3 a6 6. Bg5 Nbd7 7. f4 g6 8. Qd2 Bg7 9. f5 Ne5 10. Be2 Bd7 11. Bh6 Bxh6 12. Qxh6 Qb6 13. Qd2 Rc8 14. 0-0-0 Qb4 15. a3 Qa5 16. Kb1 Rxc3 17. Qxc3 Qxc3 18. bxc3 Nxe4 19. Kb2 Nf2 20. Rhf1 Nxd1+ 21. Bxd1 Nc4+ 22. Ka2 Ne3 23. Re1 Nxf5 24. Bf3 Nxd4 25. cxd4 Bc8 26. c4 Kd8 27. Kb3 Re8 28. Kb4 Kc7 29. c5 dxc5+ 30. dxc5 e5 31. g4 f5 32. gxf5 gxf5 33. Bd5 e4 34. Rg1 Re7 35. Kc3 f4 36. Re1 e3 37. Bf3 Bd7 38. Kd3 Bc6 39. Ke2 Bxf3+ 40. Kxf3 Rf7 41. a4 Kc6 42. Rc1 Rf5 43. Rc4 Kd5 44. Rb4 Rf7 45. c6 Kxc6 46. a5 Re7 47. Rb2 e2 0-1

[Event "Krasnodar Region-ch"]
[Site "Krasnodar"]
[Date "2012.10.04"]
[Round "3"]
[White "Sur, Viktor"]
[Black "Nevolin, Viktor"]
[Result "1-0"]
[WhiteElo "1988"]
[BlackElo "1714"]
[PlyCount "95"]
[EventDate "2012.10.02"]
[EventType "swiss"]
[EventRounds "9"]
[EventCountry "RUS"]
[SourceTitle "EXT 2013"]
[Source "ChessBase"]
[SourceDate "2012.11.22"]
[SourceVersion "1"]
[SourceVersionDate "2012.11.22"]
[SourceQuality "1"]

1. d4 d5 2. c4 e6 3. Nc3 Nf6 4. Bf4 Nbd7 5. cxd5 exd5 6. Qc2 c6 7. Nf3 Qa5 8. e3 Ne4 9. Bd3 Ndf6 10. 0-0 Nxc3 11. bxc3 Be7 12. Ne5 0-0 13. c4 dxc4 14. Bxc4 Nd5 15. Qb3 f6 16. e4 fxe5 17. exd5 b5 18. d6+ bxc4 19. Qxc4+ Qd5 20. Qxd5+ cxd5 21. dxe7 Re8 22. Bxe5 Rxe7 23. Rfc1 Ba6 24. Rab1 Bc4 25. a3 a6 26. Rb6 Rf7 27. f3 Rd7 28. Rcb1 Bb5 29. Rc1 Kf7 30. h4 h5 31. Kh2 Bc4 32. g4 hxg4 33. fxg4 Rh8 34. Kg3 Rh6 35. Rxh6 gxh6 36. Rc3 Kg6 37. Rf3 Rb7 38. h5+ Kh7 39. Kh4 Kg8 40. Rf6 Rb3 41. Rxh6 Rxa3 42. g5 Re3 43. g6 Rxe5 44. dxe5 d4 45. Rh7 d3 46. Rd7 Kf8 47. h6 Ke8 48. Rd4 1-0

[Event "Anapa op"]
[Site "Anapa"]
[Date "2012.09.07"]
[Round "8"]
[White "Mumdgan, Suren"]
[Black "Nevolin, Viktor"]
[Result "1-0"]
[WhiteElo "2193"]
[BlackElo "1689"]
[PlyCount "62"]
[EventDate "2012.08.30"]
[EventType "swiss"]
[EventRounds "9"]
[EventCountry "RUS"]
[SourceTitle "CBM 150 Extra"]
[Source "ChessBase"]
[SourceDate "2012.10.19"]
[SourceVersion "1"]
[SourceVersionDate "2012.10.19"]
[SourceQuality "1"]

1. d4 d5 2. Nf3 Nf6 3. g3 Bf5 4. Bg2 e6 5. 0-0 c5 6. c4 Be4 7. Nc3 cxd4 8. Nxe4 dxe4 9. Nxd4 Bc5 10. Qa4+ Nbd7 11. Rd1 Qb6 12. e3 0-0 13. Nb5 Ne5 14. Nc3 Nf3+ 15. Kh1 Rfd8 16. Rb1 a5 17. Qc2 Rxd1+ 18. Qxd1 Rd8 19. Qe2 Qd6 20. Bxf3 exf3 21. Qxf3 Qd3 22. Kg2 b6 23. Qe2 e5 24. Qxd3 Rxd3 25. Kf3 Bb4 26. Ke2 Rd7 27. Bd2 g6 28. a3 Be7 29. Na4 Bd8 30. Bc3 Rd6 31. Bxe5 Rd7 1-0

[Event "Anapa op"]
[Site "Anapa"]
[Date "2012.09.02"]
[Round "3"]
[White "Bagdasarian, Semen"]
[Black "Nevolin, Viktor"]
[Result "1-0"]
[WhiteElo "1893"]
[BlackElo "1689"]
[PlyCount "45"]
[EventDate "2012.08.30"]
[EventType "swiss"]
[EventRounds "9"]
[EventCountry "RUS"]
[SourceTitle "CBM 150 Extra"]
[Source "ChessBase"]
[SourceDate "2012.10.19"]
[SourceVersion "1"]
[SourceVersionDate "2012.10.19"]
[SourceQuality "1"]

1. e4 c5 2. Nf3 d6 3. d4 cxd4 4. Nxd4 Nf6 5. Nc3 a6 6. Bg5 e6 7. f4 Nbd7 8. Qd2 Be7 9. Bc4 Qc7 10. Bxe6 fxe6 11. Nxe6 Qb6 12. Nxg7+ Kf7 13. Nf5 Re8 14. 0-0-0 Nc5 15. Nxe7 Rxe7 16. Bxf6 Nxe4 17. Nxe4 Rxe4 18. Qd5+ Re6 19. f5 Qe3+ 20. Kb1 Kxf6 21. fxe6 Bxe6 22. Rhf1+ Kg6 23. Qxd6 1-0

[Event "Krasnodar Summer op"]
[Site "Krasnodar"]
[Date "2012.07.16"]
[Round "7"]
[White "Nevolin, Viktor"]
[Black "Kashirin, Ivan"]
[Result "1-0"]
[WhiteElo "1692"]
[BlackElo "1839"]
[PlyCount "81"]
[EventDate "2012.07.10"]
[EventType "swiss"]
[EventRounds "9"]
[EventCountry "RUS"]
[SourceTitle "EXT 2013"]
[Source "ChessBase"]
[SourceDate "2012.11.22"]
[SourceVersion "1"]
[SourceVersionDate "2012.11.22"]
[SourceQuality "1"]

1. e4 e5 2. Nf3 Nf6 3. Nxe5 d6 4. Nf3 Nxe4 5. Qe2 Qe7 6. d3 Nf6 7. Bg5 Be6 8. Nc3 Nc6 9. Bxf6 Qxf6 10. 0-0-0 0-0-0 11. d4 d5 12. a3 Bd6 13. h3 Rhe8 14. Qb5 a6 15. Qb3 g5 16. Be2 h5 17. Qa4 Bf4+ 18. Kb1 Nb8 19. Rhf1 g4 20. hxg4 hxg4 21. Ne1 Qg5 22. Bd3 Bd7 23. Qb3 Bc6 24. g3 Bd6 25. Ng2 Nd7 26. Nh4 Nb6 27. Rfe1 Kb8 28. Ka1 Bf8 29. a4 Nc4 30. Bxc4 Rxe1 31. Rxe1 dxc4 32. Qxc4 Qd2 33. Re2 Qc1+ 34. Ka2 Bg7 35. Nf5 Bf6 36. Qxf7 Bg5 37. d5 Bd7 38. Nd4 Bxa4 39. Nxa4 Qd1 40. Re4 c5 41. Nxc5 1-0

[Event "Krasnodar Summer op"]
[Site "Krasnodar"]
[Date "2012.07.13"]
[Round "4"]
[White "Bondarev, Boris"]
[Black "Nevolin, Viktor"]
[Result "1-0"]
[WhiteElo "2034"]
[BlackElo "1692"]
[PlyCount "51"]
[EventDate "2012.07.10"]
[EventType "swiss"]
[EventRounds "9"]
[EventCountry "RUS"]
[SourceTitle "EXT 2013"]
[Source "ChessBase"]
[SourceDate "2012.11.22"]
[SourceVersion "1"]
[SourceVersionDate "2012.11.22"]
[SourceQuality "1"]

1. e4 c5 2. Na3 a6 3. c3 Nc6 4. d4 e6 5. d5 exd5 6. exd5 Qe7+ 7. Be2 Ne5 8. Bf4 d6 9. Bxe5 Qxe5 10. Nf3 Qf6 11. Nc4 b5 12. Nb6 Rb8 13. Nxc8 Rxc8 14. a4 c4 15. axb5 axb5 16. Nd4 Qg5 17. Nxb5 Qxg2 18. Bf3 Qg6 19. Qa4 Kd8 20. Na7 Ne7 21. Nxc8 Nxc8 22. Qa5+ Kd7 23. Qb5+ Kd8 24. Qxc4 Be7 25. Ra8 Qf5 26. Bg4 1-0

[Event "Sochi Lazarevskoe op"]
[Site "Sochi"]
[Date "2012.06.21"]
[Round "8"]
[White "Nevolin, Viktor"]
[Black "Kvanin, Georgy"]
[Result "0-1"]
[WhiteElo "1729"]
[BlackElo "1951"]
[PlyCount "62"]
[EventDate "2012.06.14"]
[EventType "swiss"]
[EventRounds "9"]
[EventCountry "RUS"]
[SourceTitle "EXT 2013"]
[Source "ChessBase"]
[SourceDate "2012.11.22"]
[SourceVersion "1"]
[SourceVersionDate "2012.11.22"]
[SourceQuality "1"]

1. e4 c6 2. d4 g6 3. Nc3 Bg7 4. Be3 d6 5. Bc4 e6 6. d5 e5 7. Nf3 Nf6 8. 0-0 0-0 9. Qd3 b5 10. dxc6 bxc4 11. Qxc4 Ba6 12. c7 Bxc4 13. cxd8Q Rxd8 14. Rfd1 Nc6 15. Rd2 d5 16. exd5 Nxd5 17. Nxd5 Rxd5 18. c3 Rad8 19. Rad1 Bxa2 20. Ra1 Bc4 21. h3 f5 22. g3 e4 23. Nd4 Nxd4 24. cxd4 Bxd4 25. Bxd4 Rxd4 26. Rxd4 Rxd4 27. Rxa7 Rd1+ 28. Kg2 Be2 29. g4 f4 30. f3 exf3+ 31. Kf2 Rf1# 0-1

[Event "Belorechensk Sarkisov Memorial op"]
[Site "Belorechensk"]
[Date "2012.05.28"]
[Round "6"]
[White "Nevolin, Viktor"]
[Black "Panteleev, Yury"]
[Result "1-0"]
[WhiteElo "1729"]
[BlackElo "2258"]
[PlyCount "43"]
[EventDate "2012.05.23"]
[EventType "swiss"]
[EventRounds "9"]
[EventCountry "RUS"]
[SourceTitle "CBM 148 Extra"]
[Source "ChessBase"]
[SourceDate "2012.06.22"]
[SourceVersion "1"]
[SourceVersionDate "2012.06.22"]
[SourceQuality "1"]

1. e4 e6 2. d4 d5 3. exd5 exd5 4. Nc3 h6 5. Bd3 Nf6 6. Bf4 a6 7. Nf3 Bg4 8. h3 Bh5 9. Qe2+ Be7 10. g4 Bg6 11. 0-0-0 0-0 12. g5 Bxd3 13. Qxd3 Nh5 14. Bd2 hxg5 15. Rhg1 c6 16. Nxg5 Bxg5 17. Rxg5 g6 18. Rxh5 gxh5 19. Rg1+ Kh8 20. Qf5 Qh4 21. Bg5 Rg8 22. Qf6+ 1-0

[Event "Belorechensk Sarkisov Memorial op"]
[Site "Belorechensk"]
[Date "2012.05.25"]
[Round "3"]
[White "Nevolin, Viktor"]
[Black "Didy, Kaplan"]
[Result "0-1"]
[WhiteElo "1729"]
[BlackElo "1982"]
[PlyCount "122"]
[EventDate "2012.05.23"]
[EventType "swiss"]
[EventRounds "9"]
[EventCountry "RUS"]
[SourceTitle "CBM 148 Extra"]
[Source "ChessBase"]
[SourceDate "2012.06.22"]
[SourceVersion "1"]
[SourceVersionDate "2012.06.22"]
[SourceQuality "1"]

1. e4 c5 2. Nf3 d6 3. d4 cxd4 4. Nxd4 Nf6 5. Nc3 a6 6. Bg5 b5 7. Bxf6 gxf6 8. Qd2 Bb7 9. f3 Nc6 10. a3 h5 11. Nxc6 Bxc6 12. Qd4 Bh6 13. Nd5 Rc8 14. c3 Bg7 15. Qd3 a5 16. Be2 e6 17. Ne3 Rb8 18. Rd1 Bf8 19. 0-0 Qb6 20. Kh1 Qc7 21. f4 b4 22. axb4 axb4 23. c4 Qb7 24. Bf3 Be7 25. f5 h4 26. h3 Ra8 27. Ra1 0-0 28. fxe6 fxe6 29. Nc2 Rxa1 30. Rxa1 f5 31. exf5 Bxf3 32. Qxf3 Qxf3 33. gxf3 Rxf5 34. Nd4 Rf4 35. Nxe6 Rxc4 36. Re1 Bf6 37. b3 Rc3 38. Rg1+ Kf7 39. Ng5+ Bxg5 40. Rxg5 Rxf3 41. Rg4 Rxh3+ 42. Kg2 Rxb3 43. Rxh4 Ke6 44. Kf2 d5 45. Ke2 Kd6 46. Kd2 Kc5 47. Rg4 Rh3 48. Kc2 d4 49. Rg8 Rc3+ 50. Kb2 d3 51. Rd8 Kc4 52. Rd7 Rc2+ 53. Kb1 Kc3 54. Rc7+ Kd2 55. Rb7 Rc4 56. Kb2 Ke3 57. Re7+ Re4 58. Rd7 d2 59. Kc2 Rc4+ 60. Kb2 Rc1 61. Re7+ Kf4 0-1

[Event "South FR-ch"]
[Site "Armavir"]
[Date "2012.03.??"]
[Round "2"]
[White "Nevolin, Viktor"]
[Black "Bezulenko, Evgeny"]
[Result "0-1"]
[WhiteElo "1751"]
[BlackElo "1962"]
[PlyCount "169"]
[EventDate "2012.03.11"]
[EventType "swiss"]
[EventRounds "9"]
[EventCountry "RUS"]
[SourceTitle "EXT 2023"]
[Source "ChessBase"]
[SourceDate "2022.10.05"]
[SourceVersion "1"]
[SourceVersionDate "2022.10.05"]
[SourceQuality "1"]

1. e4 e6 2. d4 d5 3. exd5 exd5 4. Bd3 Nf6 5. Bg5 Be7 6. Nf3 0-0 7. 0-0 h6 8. Bh4 Bg4 9. h3 Bh5 10. Re1 Ne4 11. Bxe7 Qxe7 12. c4 c6 13. g4 Bg6 14. Ne5 Qh4 15. Bxe4 Bxe4 16. Re3 Na6 17. Nd2 Bh7 18. cxd5 cxd5 19. Qb3 b6 20. Qxd5 Nb4 21. Qf3 Nc2 22. Rf1 Nxe3 23. fxe3 Qe7 24. Qd5 Rad8 25. Qb3 Qe6 26. Qa3 f6 27. Nef3 Rfe8 28. Re1 Qd6 29. Qb3+ Kh8 30. Kf2 Bg8 31. Qa4 Bd5 32. a3 Qe6 33. Qd1 Rc8 34. Re2 Be4 35. Nxe4 Qxe4 36. Qb3 Rc1 37. Qa4 Rec8 38. Qb3 Rh1 39. Qb5 Rcc1 40. Qf5 Rcf1+ 41. Kg2 Rfg1+ 42. Kf2 Rf1+ 43. Kg2 Qc6 44. Rc2 Rhg1+ 45. Kh2 Qd6+ 46. Qf4 Qxf4+ 47. exf4 Rh1+ 48. Kg2 Rc1 49. Re2 Kg8 50. f5 Kf7 51. Kg3 Rhd1 52. Kg2 Rd3 53. Kf2 Rb3 54. h4 Rb5 55. h5 a5 56. Ne1 Rb1 57. Nd3 Rd1 58. Ke3 Rb3 59. Rd2 Rxd2 60. Kxd2 Rb5 61. Kc3 Rd5 62. Kc4 Rd6 63. d5 Ke8 64. Nf4 Rd8 65. Ne6 Rc8+ 66. Kb5 Rc2 67. Kxb6 Rxb2+ 68. Kxa5 Kf7 69. a4 Rd2 70. Nc7 Ke7 71. Kb6 Kd6 72. a5 Rb2+ 73. Nb5+ Kxd5 74. a6 Kc4 75. a7 Ra2 76. Nc7 Rb2+ 77. Kc6 Ra2 78. Kb7 Rb2+ 79. Ka8 Rb4 80. Na6 Rb6 81. Nc7 Kc5 82. Ne6+ Kd6 83. Nxg7 Kc7 84. Ne6+ Kc8 85. Nd4 0-1

[Event "Krasnodar Region-ch"]
[Site "Krasnodar"]
[Date "2011.10.16"]
[Round "3"]
[White "Kashirin, Ivan"]
[Black "Nevolin, Viktor"]
[Result "1-0"]
[WhiteElo "1829"]
[BlackElo "1769"]
[PlyCount "81"]
[EventDate "2011.10.14"]
[EventType "swiss"]
[EventRounds "9"]
[EventCountry "RUS"]
[SourceTitle "EXT 2022"]
[Source "ChessBase"]
[SourceDate "2021.10.06"]
[SourceVersion "1"]
[SourceVersionDate "2021.10.06"]
[SourceQuality "1"]

1. d4 d5 2. c4 e6 3. Nf3 Nf6 4. g3 dxc4 5. Bg2 Nbd7 6. 0-0 Nb6 7. Qc2 Be7 8. Rd1 c6 9. e4 0-0 10. Ne5 Qc7 11. Nxc4 Nxc4 12. Qxc4 b5 13. Qc2 Bb7 14. a4 Rfc8 15. Bf4 Qa5 16. Nd2 a6 17. Nb3 Qd8 18. Nc5 Ra7 19. axb5 cxb5 20. b4 Ba8 21. Ra5 Bxe4 22. Bxe4 Nxe4 23. Qb3 Nd6 24. Rxa6 Rxa6 25. Nxa6 Ra8 26. Bxd6 Qxd6 27. Nc5 Bf6 28. d5 e5 29. Ne4 Qb6 30. d6 Qc6 31. Qf3 Kf8 32. Qd3 Bd8 33. Nc5 g6 34. Qe3 f6 35. Qb3 Ra7 36. Ne6+ Ke8 37. Nc5 Rf7 38. Qe6+ Kf8 39. Ra1 Kg7 40. d7 Re7 41. Qxc6 1-0

[Event "Eisk Azovskie Zori op"]
[Site "Eisk"]
[Date "2011.06.10"]
[Round "6"]
[White "Sakletin, Vasily"]
[Black "Nevolin, Viktor"]
[Result "1-0"]
[WhiteElo "2061"]
[BlackElo "1774"]
[PlyCount "141"]
[EventDate "2011.06.05"]
[EventType "swiss"]
[EventRounds "9"]
[EventCountry "RUS"]
[SourceTitle "EXT 2012"]
[Source "ChessBase"]
[SourceDate "2011.11.24"]
[SourceVersion "1"]
[SourceVersionDate "2011.11.24"]
[SourceQuality "1"]

1. d4 d5 2. Nf3 Nf6 3. g3 Bf5 4. Bg2 e6 5. 0-0 c5 6. c4 Nc6 7. cxd5 Nxd5 8. Nc3 Nxc3 9. bxc3 Be7 10. Qa4 0-0 11. Rd1 Qa5 12. Qxa5 Nxa5 13. Ba3 Rac8 14. Ne5 b6 15. e4 Bg6 16. Nxg6 hxg6 17. Bf1 Rfe8 18. Ba6 Rc7 19. Bb5 Rd8 20. Rac1 Nb7 21. Bf1 Bf6 22. e5 Be7 23. Ba6 Na5 24. Kg2 Kf8 25. Bb2 c4 26. Bb5 Rd5 27. Ba4 b5 28. Bc2 Rd8 29. Be4 Nc6 30. f4 a5 31. Kf3 b4 32. d5 exd5 33. Rxd5 a4 34. cxb4 Nxb4 35. Rxd8+ Bxd8 36. a3 Nc6 37. Bd5 Na5 38. Bc3 Nb3 39. Bb4+ Be7 40. Bxe7+ Kxe7 41. Rc3 f6 42. exf6+ gxf6 43. Ke3 Na5 44. Kd4 Nb3+ 45. Ke3 Na5 46. Be4 f5 47. Bc2 Nb3 48. g4 Kf6 49. gxf5 gxf5 50. h3 Re7+ 51. Kf2 Rc7 52. Bd3 Na5 53. Be2 Rc8 54. h4 Rc7 55. h5 Rc8 56. Ke1 Re8 57. Kd1 Re4 58. Rf3 Nb3 59. Rc3 Rxf4 60. Rxc4 Rxc4 61. Bxc4 Nc5 62. Kc2 Kg5 63. Be2 Ne4 64. Kd3 Ng3 65. Bd1 Nxh5 66. Bxa4 Nf4+ 67. Kc4 Ne6 68. Bd7 Nc7 69. Kc5 f4 70. Kc6 Na6 71. Bc8 1-0

[Event "Eisk Azovskie Zori op"]
[Site "Eisk"]
[Date "2011.06.09"]
[Round "5"]
[White "Bezulenko, Evgeny"]
[Black "Nevolin, Viktor"]
[Result "1-0"]
[WhiteElo "1926"]
[BlackElo "1774"]
[PlyCount "71"]
[EventDate "2011.06.05"]
[EventType "swiss"]
[EventRounds "9"]
[EventCountry "RUS"]
[SourceTitle "EXT 2012"]
[Source "ChessBase"]
[SourceDate "2011.11.24"]
[SourceVersion "1"]
[SourceVersionDate "2011.11.24"]
[SourceQuality "1"]

1. f4 d5 2. Nf3 Nf6 3. e3 g6 4. d4 Bg7 5. c3 0-0 6. Bd3 b6 7. 0-0 Ba6 8. Bxa6 Nxa6 9. Qe2 Qc8 10. Nbd2 c5 11. e4 dxe4 12. Nxe4 cxd4 13. Nxf6+ Bxf6 14. cxd4 Nb4 15. Bd2 Nc2 16. Rac1 Nxd4 17. Nxd4 Bxd4+ 18. Be3 Bxe3+ 19. Qxe3 Qb7 20. f5 Rac8 21. fxg6 hxg6 22. h4 Qd5 23. Rxc8 Rxc8 24. Qxe7 Rc2 25. Rf2 Qd1+ 26. Rf1 Qd4+ 27. Kh1 Qd5 28. Rf3 Rxb2 29. Qf6 Rxa2 30. h5 Qe6 31. Qd8+ Kg7 32. h6+ Kh7 33. Qd4 Qe1+ 34. Kh2 Qa1 35. Rxf7+ Kg8 36. Rg7+ 1-0